Clase media y democracia en América Latina (Record no. 183643)
[ view plain ]
| 000 -CABECERA | |
|---|---|
| campo de control de longitud fija | 01723nab a2200265 a 4500 |
| 005 - FECHA Y HORA DE LA ÚLTIMA TRANSACCIÓN | |
| campo de control | 20210219162829.0 |
| 008 - ELEMENTOS DE LONGITUD FIJA--INFORMACIÓN GENERAL | |
| campo de control de longitud fija | 991125s1985 mx 000 0 spa u |
| 035 ## - NÚMERO DE CONTROL DEL SISTEMA | |
| Número de control de sistema | UPN01000211542 |
| 049 ## - COLECCIÓN | |
| Colección | ART |
| 100 1# - ASIENTO PRINCIPAL--NOMBRE PERSONAL | |
| Nombre de persona | Fierro, Jaime |
| 222 #0 - TÍTULO CLAVE | |
| Título clave | PERFILES LATINOAMERICANOS |
| 245 00 - MENCIÓN DE TÍTULO | |
| Título | Clase media y democracia en América Latina |
| 260 ## - PUBLICACIÓN, DISTRIBUCIÓN, ETC. | |
| Lugar de publicación, distribución, etc. | México |
| 300 ## - DESCRIPCIÓN FÍSICA | |
| Extensión | 37-60 |
| 362 0# - FECHAS DE PUBLICACIÓN Y/O DESIGNACIÓN SECUENCIAL | |
| Fecha de publicación y/o designación secuencial | 2015 Volumen 23, número 46, julio-diciembre |
| 520 ## - NOTA DE RESUMEN, ETC. | |
| Sumario, etc. | La consolidación de la clase media ha sido interpretada por las teorías de la modernización y de la posmodernización como un factor clave para el funcionamiento y la estabilidad del sistema democrático. Sin embargo, en América Latina la clase media ha sido asociada con dos posturas contradictorias. Por una parte, se ha destacado su papel estabilizador y democrático mientras que, por otra, ha sido vinculada con el respaldo a los golpes militares. Con la finalidad de dilucidar tal disyuntiva, se examina la relación que se puede establecer entre el nivel socioeconómico y el grado de apoyo a la democracia. Para ello, se realiza un análisis empírico a partir de las bases de datos de las encuestas Latinobarómetro, cubriendo diecisiete países de la región para el periodo 1996-2011. Se concluirá que la clase media en América Latina no posee actitudes especialmente más favorables hacia la democracia que los otros segmentos sociales |
| 653 0# - TERMINO DE INDIZACION - NO CONTROLADO | |
| Término no controlado | CLASE MEDIA |
| 653 0# - TERMINO DE INDIZACION - NO CONTROLADO | |
| Término no controlado | DEMOCRACIA |
| 653 0# - TERMINO DE INDIZACION - NO CONTROLADO | |
| Término no controlado | MODERNIDAD |
| 653 0# - TERMINO DE INDIZACION - NO CONTROLADO | |
| Término no controlado | POSMODERNIDAD |
| 653 0# - TERMINO DE INDIZACION - NO CONTROLADO | |
| Término no controlado | AMERICA LATINA |
| 856 4# - LOCALIZACIÓN Y ACCESO ELECTRÓNICOS | |
| Identificador Uniforme del Recurso | <a href="http://www.redalyc.org/articulo.oa?id=11539199001">http://www.redalyc.org/articulo.oa?id=11539199001</a> |
| 856 4# - LOCALIZACIÓN Y ACCESO ELECTRÓNICOS | |
| Identificador Uniforme del Recurso | <a href="http://perfilesla.flacso.edu.mx/index.php/perfilesla/article/view/514/458">http://perfilesla.flacso.edu.mx/index.php/perfilesla/article/view/514/458</a> |
| 905 ## - TIPO DE MATERIAL | |
| Tipo de material | Articulo |
No items available.
